| 000 | 01367cam a22003734a 4500 | ||
|---|---|---|---|
| 001 | 13199226 | ||
| 003 | NUST-PNEC | ||
| 005 | 20170116180735.0 | ||
| 008 | 030515s2003 inua 001 0 eng | ||
| 010 | _a 2003107080 | ||
| 020 | _a076454375X | ||
| 020 | _a1861006195 | ||
| 035 | _a(DLC) 2003107080 | ||
| 040 |
_aDLC _cPNEC _dDLC |
||
| 042 | _apcc | ||
| 050 | 0 | 0 |
_aTK5105.8885.A26 _bB455 2003 |
| 082 | 0 | 0 |
_a005.74 CHI _222 |
| 100 |
_91025 _aChinnathampi, Jesudas |
||
| 245 | 0 | 0 |
_aBeginning ASP.NET databases using VB.NET / _cJesudas Chinnathampi ... [et al.]. |
| 260 |
_aIndianapolis, IN : _bWrox, _cc2002. |
||
| 300 |
_avii, 459 p. : _bill. ; _c23 cm. |
||
| 500 | _a"Programmer to programmer"--Cover. | ||
| 500 | _aIncludes index. | ||
| 630 | 0 | 0 | _aActive server pages. |
| 630 | 0 | 0 | _aVisual Basic. |
| 650 | 0 |
_aMicrosoft .NET Framework. _xComputer, MIS |
|
| 700 | 1 | _aChinnathampi, Jesudas. | |
| 856 | 4 | 2 | _uhttp://www.amazon.com/Beginning-ASP-NET-Databases-using-VB-NET/dp/1861006195/ref=sr_1_1?s=books&ie=UTF8&qid=1416659937&sr=1-1&keywords=1861006195 |
| 856 | 4 | 2 | _3Publisher description |
| 856 | 4 | 1 | _3Table of contents |
| 906 |
_a7 _bcbc _corignew _d2 _eepcn _f20 _gy-gencatlg |
||
| 942 |
_2ddc _cBK |
||
| 999 |
_c61921 _d61921 |
||